Grandes figuras del pensamiento norteamericano
Salvato in:
| Autore principale: | |
|---|---|
| Natura: | Libro |
| Lingua: | Undetermined |
| Pubblicazione: |
Buenos Aires, Argentina
EDISAR
1977
|
| Soggetti: | |
| Tags: |
Aggiungi Tag
Nessun Tag, puoi essere il primo ad aggiungerne!!
|
MARC
| LEADER | 00000nam a2200000Ia 4500 | ||
|---|---|---|---|
| 008 | 170316s9999 xx 000 0 und d | ||
| 040 | |a cru BVZT | ||
| 090 | |a 810 R-12g | ||
| 100 | |a Ross, Ralph | ||
| 245 | |a Grandes figuras del pensamiento norteamericano | ||
| 260 | |a Buenos Aires, Argentina | ||
| 260 | |b EDISAR | ||
| 260 | |c 1977 | ||
| 300 | |a 303 páginas | ||
| 650 | |a LITERATURA ESTADOUNIDENSE | ||
| 999 | |c 6074 |d 6074 | ||
| 942 | |c 15 D |h 810 R-12g |2 z | ||
